[Event "CYCC U14"]
[Site "Richmond Hill CAN"]
[Date "2011.07.07"]
[Round "4"]
[White "Lin, Tony (Juntao)"]
[Black "Yang, Yimang"]
[Result "1-0"]
[WhiteElo "2028"]
[BlackElo "1706"]
[PlyCount "91"]
[GameId "2160767909703979"]
[EventDate "2011.07.06"]
[EventType "swiss"]
[EventRounds "7"]
[EventCountry "CAN"]

1. e4 c5 2. Nf3 d6 3. d4 cxd4 4. Nxd4 Nf6 5. Nc3 a6 6. Be2 e5 7. Nb3 Be7 8. Be3 Be6 9. O-O O-O 10. f4 b5 11. f5 Bc8 12. Bf3 Bb7 13. a3 Nbd7 14. Qe1 Qc7 15. Qf2 Nc5 16. Nxc5 dxc5 17. Rad1 Rfd8 18. g4 Rxd1 19. Rxd1 b4 20. g5 bxc3 21. gxf6 Bxf6 22. bxc3 c4 23. Bb6 Qe7 24. Qc5 Qxc5+ 25. Bxc5 Rc8 26. Bb4 Bc6 27. Rd6 Bb5 28. Kf2 Rd8 29. Rxd8+ Bxd8 30. Bd6 f6 31. Be2 Kh8 32. Ke3 a5 33. a4 Ba6 34. Bh5 Bb6+ 35. Kf3 Kg8 36. Be8 Kh8 37. Bf7 Bd8 38. Bc5 Bc7 39. h4 Bd8 40. h5 Bc7 41. Bd5 Bd8 42. Kg4 Bc7 43. h6 Bd8 44. Kh5 Bc7 45. Bf8 g6+ 46. fxg6 1-0

[Event "CYCC U14"]
[Site "Richmond Hill CAN"]
[Date "2011.07.07"]
[Round "4"]
[White "Robichaud, Nicolas"]
[Black "Yu, Patrick"]
[Result "1-0"]
[WhiteElo "1411"]
[BlackElo "1796"]
[PlyCount "71"]
[GameId "2160767909703980"]
[EventDate "2011.07.06"]
[EventType "swiss"]
[EventRounds "7"]
[EventCountry "CAN"]
[SourceTitle "EXT 2022"]
[Source "ChessBase"]
[SourceDate "2021.10.06"]
[SourceVersion "1"]
[SourceVersionDate "2021.10.06"]
[SourceQuality "1"]

1. e4 c5 2. Nf3 d6 3. d4 cxd4 4. Nxd4 Nf6 5. Nc3 a6 6. Bg5 e6 7. f4 Be7 8. Qf3 O-O 9. O-O-O Qc7 10. g4 Nc6 11. Nxc6 bxc6 12. Bxf6 Bxf6 13. g5 Bxc3 14. Qxc3 d5 15. e5 c5 16. h4 Bb7 17. Qh3 c4 18. c3 Qb6 19. h5 d4 20. Rh2 d3 21. f5 exf5 22. Qxf5 Qe3+ 23. Rdd2 Bf3 24. b3 Qe1+ 25. Kb2 Be2 26. Rdxe2 dxe2 27. Bxe2 Rad8 28. Bxc4 Rd2+ 29. Rxd2 Qxd2+ 30. Ka3 Qc1+ 31. Ka4 Qxc3 32. e6 a5 33. a3 g6 34. exf7+ Kg7 35. h6+ Kh8 36. Qc5 1-0

[Event "CYCC U14"]
[Site "Richmond Hill CAN"]
[Date "2011.07.07"]
[Round "4"]
[White "Tismenko, Dennis"]
[Black "Lee, Jeffrey"]
[Result "1/2-1/2"]
[WhiteElo "1495"]
[BlackElo "1300"]
[PlyCount "156"]
[GameId "2160767909703981"]
[EventDate "2011.07.06"]
[EventType "swiss"]
[EventRounds "7"]
[EventCountry "CAN"]
[SourceTitle "EXT 2022"]
[Source "ChessBase"]
[SourceDate "2021.10.06"]
[SourceVersion "1"]
[SourceVersionDate "2021.10.06"]
[SourceQuality "1"]

1. e4 c6 2. d4 d5 3. exd5 cxd5 4. Nf3 Bf5 5. Bd3 Bxd3 6. Qxd3 e6 7. O-O Nd7 8. Bf4 Ngf6 9. Nbd2 h6 10. Rfe1 Be7 11. c3 O-O 12. Re2 Rc8 13. Rae1 Qb6 14. Nf1 Qa5 15. a3 Nb6 16. Ne5 Nc4 17. Nxc4 Rxc4 18. Qg3 Nh5 19. Qg4 Nxf4 20. Qxf4 Qc7 21. Qg4 Bg5 22. Qh3 Rc6 23. Nd2 Rb6 24. Nf3 Bf6 25. Rb1 Qc4 26. Ree1 Qa2 27. Nd2 Rxb2 28. Ra1 Rxd2 29. Rxa2 Rxa2 30. Qd3 Rxa3 31. Qc2 Rc8 32. Qb2 Raxc3 33. Qxb7 Bxd4 34. Qb4 Rc1 35. Kf1 Rxe1+ 36. Qxe1 Bb2 37. Qb4 Be5 38. Qb7 Rd8 39. Qxa7 d4 40. Qa5 Bf6 41. f4 d3 42. Qd2 e5 43. fxe5 Bxe5 44. Qa5 Bf6 45. Qd2 Bg5 46. Qd1 d2 47. Ke2 Rc8 48. h4 Rc1 49. hxg5 Rxd1 50. Kxd1 hxg5 51. Kxd2 Kh7 52. g4 g6 53. Ke3 f5 54. Kf2 Kg7 55. Kg3 f4+ 56. Kf3 Kf7 57. Ke4 Ke6 58. Kd4 Kf7 59. Ke4 Ke7 60. Kd4 Kd7 61. Kd3 Kd6 62. Kd4 Kc6 63. Kc4 Kb6 64. Kd4 Ka5 65. Kc3 Kb5 66. Kd3 Ka4 67. Kc4 Ka5 68. Kc3 Ka4 69. Kc4 Ka3 70. Kc3 Ka4 71. Kc4 Ka5 72. Kc3 Kb6 73. Kd4 Kc6 74. Kc4 Kd6 75. Kd4 Ke7 76. Ke4 Ke8 77. Kf3 Kd7 78. Ke4 Kc6 1/2-1/2

[Event "CYCC U14"]
[Site "Richmond Hill CAN"]
[Date "2011.07.07"]
[Round "4"]
[White "Zhang, David"]
[Black "Nasir, Zehn"]
[Result "1-0"]
[WhiteElo "1598"]
[BlackElo "1686"]
[PlyCount "118"]
[GameId "2160767909703983"]
[EventDate "2011.07.06"]
[EventType "swiss"]
[EventRounds "7"]
[EventCountry "CAN"]
[SourceTitle "EXT 2022"]
[Source "ChessBase"]
[SourceDate "2021.10.06"]
[SourceVersion "1"]
[SourceVersionDate "2021.10.06"]
[SourceQuality "1"]

1. e4 d5 2. exd5 Qxd5 3. Nc3 Qd6 4. Nf3 Nf6 5. Bc4 c6 6. a4 Bg4 7. h3 Bh5 8. d3 Nbd7 9. O-O Ne5 10. Bf4 Nxf3+ 11. Qxf3 Bxf3 12. Bxd6 Bxg2 13. Rfe1 Bxh3 14. Re3 Bf5 15. Rae1 e6 16. Bg3 Bc5 17. Re5 Be7 18. Ne2 O-O 19. Nd4 Bg6 20. Nxe6 Rfc8 21. Nf4 Bd6 22. Nxg6 hxg6 23. Rg5 Bxg3 24. Rxg3 Kf8 25. Rh3 Nh5 26. Rf3 f6 27. d4 Re8 28. Rd1 Re4 29. c3 Ke7 30. Kf1 Rh8 31. Rh3 Ng3+ 32. Rxg3 Rh1+ 33. Rg1 Rh2 34. Rxg6 Kf8 35. Rg2 Rh1+ 36. Rg1 Rh2 37. Be2 Rf4 38. f3 g5 39. Rg2 Rh1+ 40. Kf2 Rh3 41. Rdg1 Ke7 42. Rg4 Rf5 43. Kg2 Rh8 44. Rh1 Re8 45. Re4+ Kd8 46. Rxe8+ Kxe8 47. Bc4 Ra5 48. Ra1 Kd7 49. b4 Rf5 50. Re1 Rf4 51. Re4 Rxe4 52. fxe4 Kd6 53. Kf3 a6 54. Kg4 b5 55. axb5 cxb5 56. Bb3 Ke7 57. Kf5 Kd7 58. Kxf6 g4 59. Be6+ Kd6 1-0

[Event "CYCC U14"]
[Site "Richmond Hill CAN"]
[Date "2011.07.08"]
[Round "5"]
[White "Bao, Tony Bohan"]
[Black "Tismenko, Dennis"]
[Result "1-0"]
[WhiteElo "1422"]
[BlackElo "1495"]
[PlyCount "94"]
[GameId "2160767909703984"]
[EventDate "2011.07.06"]
[EventType "swiss"]
[EventRounds "7"]
[EventCountry "CAN"]
[SourceTitle "EXT 2022"]
[Source "ChessBase"]
[SourceDate "2021.10.06"]
[SourceVersion "1"]
[SourceVersionDate "2021.10.06"]
[SourceQuality "1"]

1. e4 c5 2. Nf3 d6 3. d4 cxd4 4. Nxd4 Nf6 5. Nc3 g6 6. Bg5 Bg7 7. Bc4 Nc6 8. Nxc6 bxc6 9. O-O O-O 10. h3 Qc7 11. Qe2 e6 12. Rab1 d5 13. exd5 cxd5 14. Bb3 Bb7 15. Rfe1 d4 16. Nb5 Qc6 17. f3 Qb6 18. Kh1 Nh5 19. Bh4 Nf4 20. Qf1 d3 21. Na3 dxc2 22. Nxc2 Ba6 23. Qg1 Qxg1+ 24. Kxg1 Nd3 25. Re4 Nxb2 26. Be7 Rfc8 27. Ba3 Nc4 28. Bc1 Nd6 29. Re1 Nf5 30. g4 Nh4 31. Kf2 Bd3 32. Na3 Bxb1 33. Nxb1 h6 34. Kg3 g5 35. f4 Ng6 36. fxg5 hxg5 37. Bxg5 Be5+ 38. Kf3 Rc7 39. h4 Bc3 40. Re3 Ne5+ 41. Kf4 Ng6+ 42. Kf3 Nf8 43. Kf4 Ng6+ 44. Kf3 Rac8 45. h5 Nf8 46. Bf4 Bd4 47. Rd3 e5 1-0

[Event "CYCC U14"]
[Site "Richmond Hill CAN"]
[Date "2011.07.08"]
[Round "5"]
[White "Nasir, Zehn"]
[Black "O'Neil, Michael"]
[Result "1-0"]
[WhiteElo "1686"]
[BlackElo "1325"]
[PlyCount "65"]
[GameId "2160767909703985"]
[EventDate "2011.07.06"]
[EventType "swiss"]
[EventRounds "7"]
[EventCountry "CAN"]
[SourceTitle "EXT 2022"]
[Source "ChessBase"]
[SourceDate "2021.10.06"]
[SourceVersion "1"]
[SourceVersionDate "2021.10.06"]
[SourceQuality "1"]

1. d4 Nf6 2. Nc3 d5 3. e4 e6 4. e5 Nfd7 5. Be3 Be7 6. Nf3 O-O 7. Bd3 a6 8. h4 Re8 9. Qe2 c5 10. dxc5 Nxc5 11. Bxc5 Bxc5 12. O-O-O b5 13. Rh3 Be7 14. Kb1 Nd7 15. Ng5 g6 16. f4 Nf8 17. Rdh1 Kg7 18. Qg4 h5 19. Qf3 Nd7 20. g4 Bxg5 21. hxg5 hxg4 22. Rh7+ Kf8 23. Qxg4 Ke7 24. Bxg6 Rf8 25. Rg7 Bb7 26. Rhh7 Qe8 27. Bxf7 Rxf7 28. Rxf7+ Qxf7 29. Rxf7+ Kxf7 30. Qh5+ Ke7 31. Qh7+ Kd8 32. g6 Kc7 33. g7 1-0

[Event "CYCC U14"]
[Site "Richmond Hill CAN"]
[Date "2011.07.08"]
[Round "5"]
[White "Zhang, Kevin Z"]
[Black "Lin, Tony (Juntao)"]
[Result "0-1"]
[WhiteElo "1877"]
[BlackElo "2028"]
[PlyCount "65"]
[GameId "2160767909703988"]
[EventDate "2011.07.06"]
[EventType "swiss"]
[EventRounds "7"]
[EventCountry "CAN"]

1. d4 Nf6 2. c4 g6 3. Nc3 d5 4. cxd5 Nxd5 5. e4 Nxc3 6. bxc3 Bg7 7. Nf3 c5 8. Be3 Qa5 9. Qd2 Bg4 10. Be2 Nc6 11. Rd1 O-O 12. O-O Rfd8 13. Qb2 cxd4 14. Nxd4 Bxe2 15. Nxc6 bxc6 16. Qxe2 Bxc3 17. Rc1 c5 18. h3 Bd4 19. Bxd4 cxd4 20. Qc4 Rac8 21. Qb3 Qc5 22. Qa4 Qa3 23. Rc4 Qb2 24. Qb4 Rb8 25. Rd1 Kg7 26. f4 d3 27. Qb3 Qd4+ 28. Kh1 Qxe4 29. Qxd3 Qxd3 30. Rxd3 f5 31. Kh2 Rb2 32. Kg3 Rb5 33. Kf2 0-1

[Event "CYCC U14"]
[Site "Richmond Hill CAN"]
[Date "2011.07.08"]
[Round "6"]
[White "Fu, James"]
[Black "Knox, Christopher"]
[Result "1/2-1/2"]
[WhiteElo "2028"]
[BlackElo "2072"]
[PlyCount "62"]
[GameId "2160767909703989"]
[EventDate "2011.07.06"]
[EventType "swiss"]
[EventRounds "7"]
[EventCountry "CAN"]
[SourceTitle "EXT 2022"]
[Source "ChessBase"]
[SourceDate "2021.10.06"]
[SourceVersion "1"]
[SourceVersionDate "2021.10.06"]
[SourceQuality "1"]

1. Nc3 c5 2. e4 Nc6 3. f4 e6 4. g3 g6 5. Bg2 Bg7 6. Nf3 Nge7 7. O-O O-O 8. Ne2 d5 9. e5 f6 10. exf6 Bxf6 11. h4 e5 12. fxe5 Nxe5 13. Nxe5 Bxe5 14. Rxf8+ Qxf8 15. d4 cxd4 16. Bf4 Qg7 17. Qd2 Bf5 18. Re1 Bf6 19. Bh6 Qf7 20. Nxd4 Be4 21. Bh3 Nf5 22. Bxf5 Bxd4+ 23. Qxd4 gxf5 24. Kh2 Qg6 25. Bd2 Qb6 26. Rxe4 dxe4 27. Qd5+ Kg7 28. Qd7+ Kg8 29. Qd5+ Kg7 30. Qe5+ Kg8 31. Qd5+ Kg7 1/2-1/2

[Event "CYCC U14"]
[Site "Richmond Hill CAN"]
[Date "2011.07.08"]
[Round "6"]
[White "O'Neil, Michael"]
[Black "Lee, Jeffrey"]
[Result "1/2-1/2"]
[WhiteElo "1325"]
[BlackElo "1300"]
[PlyCount "155"]
[GameId "2160767909703991"]
[EventDate "2011.07.06"]
[EventType "swiss"]
[EventRounds "7"]
[EventCountry "CAN"]
[SourceTitle "EXT 2022"]
[Source "ChessBase"]
[SourceDate "2021.10.06"]
[SourceVersion "1"]
[SourceVersionDate "2021.10.06"]
[SourceQuality "1"]

1. d4 d5 2. c4 dxc4 3. Nc3 Nf6 4. e3 e6 5. Bxc4 a6 6. a4 c5 7. Nge2 Bd7 8. O-O Bc6 9. Qc2 Nbd7 10. dxc5 Bxc5 11. Rd1 Qc7 12. Ng3 O-O 13. b3 Rfd8 14. Bb2 Ne5 15. Be2 Rxd1+ 16. Rxd1 Neg4 17. Nf1 Nxf2 18. Kxf2 Qf4+ 19. Ke1 Bxe3 20. Nxe3 Qxe3 21. h3 Bxg2 22. Qd3 Qb6 23. Nb1 Be4 24. Qg3 Bg6 25. Bxf6 gxf6 26. h4 Kf8 27. Bc4 Qb4+ 28. Kf1 Qe7 29. Nc3 Bh5 30. Rd2 f5 31. Rg2 Ke8 32. Qg8+ Qf8 33. Bxe6 Rd8 34. Qxf8+ Kxf8 35. Bxf5 Bg6 36. Bxg6 fxg6 37. Ke2 Rd4 38. Rh2 Rb4 39. Kd3 Rxb3 40. Kc4 Rb6 41. Rg2 a5 42. h5 gxh5 43. Rg5 Rb4+ 44. Kd3 Rh4 45. Rxa5 Rh1 46. Ra8+ Kg7 47. Ra7 Kg6 48. Rxb7 h4 49. a5 h3 50. Ne4 h2 51. Rb6+ Kg7 52. Nf2 Ra1 53. a6 h5 54. Rb7+ Kg6 55. a7 Kg5 56. Ke3 Kh4 57. Kf3 Ra3+ 58. Kg2 Ra2 59. Rg7 Ra3 60. Kxh2 Ra2 61. Kg2 Ra5 62. Kf3 Ra6 63. Ke4 Ra4+ 64. Kd5 Ra5+ 65. Kc6 Ra6+ 66. Kb5 Ra5+ 67. Kc4 Rc5+ 68. Kd3 Rc3+ 69. Ke4 Rc4+ 70. Kf5 Rc5+ 71. Kg6 Rc6+ 72. Kf5 Rf6+ 73. Ke4 Re6+ 74. Kf5 Rf6+ 75. Ke5 Re6+ 76. Kd4 Rd6+ 77. Kc5 Rc6+ 78. Kxc6 1/2-1/2

[Event "CYCC U14"]
[Site "Richmond Hill CAN"]
[Date "2011.07.08"]
[Round "6"]
[White "Robichaud, Nicolas"]
[Black "Nasir, Zehn"]
[Result "1/2-1/2"]
[WhiteElo "1411"]
[BlackElo "1686"]
[PlyCount "123"]
[GameId "2160767909703992"]
[EventDate "2011.07.06"]
[EventType "swiss"]
[EventRounds "7"]
[EventCountry "CAN"]
[SourceTitle "EXT 2022"]
[Source "ChessBase"]
[SourceDate "2021.10.06"]
[SourceVersion "1"]
[SourceVersionDate "2021.10.06"]
[SourceQuality "1"]

1. e4 d5 2. exd5 Qxd5 3. Nc3 Qd6 4. Nf3 Nf6 5. d4 c6 6. h3 Bf5 7. Bd3 Bxd3 8. Qxd3 Nbd7 9. O-O e6 10. Re1 Be7 11. Bg5 h6 12. Bh4 Qc7 13. Bg3 Bd6 14. Bxd6 Qxd6 15. Ne4 Qc7 16. c4 Rd8 17. Nfd2 O-O 18. c5 Qa5 19. Nd6 Qc7 20. a4 b6 21. b4 a5 22. Qb3 axb4 23. Qxb4 bxc5 24. dxc5 Nxc5 25. Qxc5 Qxd6 26. Qxd6 Rxd6 27. Nc4 Rd4 28. Rec1 Nd5 29. Ne5 Ra8 30. a5 Nf4 31. Nxc6 Rd6 32. Kf1 Nd5 33. Ne5 Rda6 34. Rc5 Nf6 35. Nc4 Ne4 36. Rb5 Nd6 37. Nxd6 Rxd6 38. Ke2 Kf8 39. Rd1 Rda6 40. Ra1 R6a7 41. Kd3 Rc8 42. Kd4 Rd7+ 43. Ke3 Rc6 44. Rb6 Rcc7 45. Ra3 Ke7 46. a6 Ra7 47. Rab3 g6 48. Rd3 Rdc7 49. Kd2 h5 50. Ra3 Kd8 51. Ke3 Ke7 52. Rab3 Kd7 53. Kf4 f6 54. Re3 e5+ 55. Kf3 Rc6 56. Rxc6 Kxc6 57. Rc3+ Kd6 58. Ra3 Ke6 59. Ke3 f5 60. f4 exf4+ 61. Kxf4 Kf6 62. h4 1/2-1/2

[Event "CYCC U14"]
[Site "Richmond Hill CAN"]
[Date "2011.07.08"]
[Round "7"]
[White "Law, James"]
[Black "Baki, Shaumik"]
[Result "1-0"]
[WhiteElo "1474"]
[BlackElo "1532"]
[PlyCount "53"]
[GameId "2160767909703993"]
[EventDate "2011.07.06"]
[EventType "swiss"]
[EventRounds "7"]
[EventCountry "CAN"]
[SourceTitle "EXT 2022"]
[Source "ChessBase"]
[SourceDate "2021.10.06"]
[SourceVersion "1"]
[SourceVersionDate "2021.10.06"]
[SourceQuality "1"]

1. c4 c5 2. Nf3 Nf6 3. d4 cxd4 4. Nxd4 b6 5. Nf3 Bb7 6. e3 e6 7. g3 Be7 8. Bg2 O-O 9. O-O Qc7 10. b3 d6 11. Bb2 Nbd7 12. Nc3 a6 13. Nd2 Bxg2 14. Kxg2 Rac8 15. Nde4 Nc5 16. Nxc5 dxc5 17. Qc2 Rfd8 18. Rad1 h6 19. Ne4 Nxe4 20. Qxe4 Rd7 21. Qg4 Bf8 22. Rxd7 Qxd7 23. Rd1 Qc7 24. Rd2 Rd8 25. Qd1 Rxd2 26. Qxd2 Qd6 27. Qxd6 1-0

[Event "CYCC U14"]
[Site "Richmond Hill CAN"]
[Date "2011.07.08"]
[Round "7"]
[White "Nasir, Zehn"]
[Black "Yang, Bryant"]
[Result "0-1"]
[WhiteElo "1686"]
[BlackElo "1594"]
[PlyCount "76"]
[GameId "2160767909703994"]
[EventDate "2011.07.06"]
[EventType "swiss"]
[EventRounds "7"]
[EventCountry "CAN"]
[SourceTitle "EXT 2022"]
[Source "ChessBase"]
[SourceDate "2021.10.06"]
[SourceVersion "1"]
[SourceVersionDate "2021.10.06"]
[SourceQuality "1"]

1. d4 d5 2. e4 dxe4 3. Nc3 Nf6 4. f3 exf3 5. Nxf3 Bg4 6. h3 Bh5 7. g4 Bg6 8. Ne5 c6 9. Qf3 Nbd7 10. Nxg6 hxg6 11. g5 Nh5 12. Bc4 e6 13. Rf1 Qe7 14. Be3 Nb6 15. Bd3 O-O-O 16. Qxf7 Ng3 17. Qxe7 Bxe7 18. Rf7 Rxh3 19. O-O-O Nf5 20. Bxf5 gxf5 21. Rxe7 Rxe3 22. Rxg7 Rg3 23. Re1 Rxd4 24. Rh1 Rd7 25. Rg8+ Kc7 26. g6 Rg2 27. Nb1 Nd5 28. Rd1 Ne7 29. Rxd7+ Kxd7 30. Rb8 b6 31. Nc3 Nc8 32. g7 Kc7 33. Ra8 Kb7 34. Rxc8 Kxc8 35. Ne2 Rxg7 36. Nf4 Re7 37. Kd2 Kd7 38. Ke3 Kd6 0-1

[Event "CYCC U14"]
[Site "Richmond Hill CAN"]
[Date "2011.07.08"]
[Round "7"]
[White "O'Neil, Michael"]
[Black "Huang, Jeffrey Ting Ju"]
[Result "0-1"]
[WhiteElo "1325"]
[BlackElo "1141"]
[PlyCount "36"]
[GameId "2160767909703995"]
[EventDate "2011.07.06"]
[EventType "swiss"]
[EventRounds "7"]
[EventCountry "CAN"]
[SourceTitle "EXT 2022"]
[Source "ChessBase"]
[SourceDate "2021.10.06"]
[SourceVersion "1"]
[SourceVersionDate "2021.10.06"]
[SourceQuality "1"]

1. e4 e5 2. Nf3 Nc6 3. Bb5 a6 4. Ba4 Be7 5. O-O b5 6. Bb3 Nf6 7. Re1 O-O 8. c3 Na5 9. Bc2 c5 10. d4 cxd4 11. cxd4 exd4 12. Nxd4 Bc5 13. e5 Nd5 14. Be4 Bb7 15. Nb3 Nxb3 16. Qxb3 Bxf2+ 17. Kxf2 Qh4+ 18. Kg1 Qxe1# 0-1

[Event "CYCC U14"]
[Site "Richmond Hill CAN"]
[Date "2011.07.08"]
[Round "7"]
[White "Thanabalachandran, Kajan"]
[Black "Robichaud, Nicolas"]
[Result "1-0"]
[WhiteElo "1509"]
[BlackElo "1411"]
[PlyCount "101"]
[GameId "2160767909703996"]
[EventDate "2011.07.06"]
[EventType "swiss"]
[EventRounds "7"]
[EventCountry "CAN"]
[SourceTitle "EXT 2022"]
[Source "ChessBase"]
[SourceDate "2021.10.06"]
[SourceVersion "1"]
[SourceVersionDate "2021.10.06"]
[SourceQuality "1"]

1. e4 c5 2. Nf3 e6 3. d4 cxd4 4. Nxd4 Nf6 5. Nc3 Nc6 6. a3 a6 7. Bg5 Be7 8. Bc4 O-O 9. O-O h6 10. Bh4 d6 11. Re1 Qc7 12. Bg3 e5 13. Nf5 Bxf5 14. exf5 Qc8 15. Bd3 Nd4 16. Na4 Bd8 17. Rc1 Bc7 18. Bh4 Nxf5 19. Bxf6 gxf6 20. Qh5 Ne7 21. Re3 f5 22. Qxh6 Qe6 23. Qg5+ Qg6 24. Qxe7 Bd8 25. Qxb7 Bg5 26. Rce1 Bxe3 27. Rxe3 Rfb8 28. Qd5 Kf8 29. Nb6 Ra7 30. Nc4 Ke7 31. Rxe5+ dxe5 32. Nxe5 Qd6 33. Nc6+ Kd7 34. Nxb8+ Kc7 35. Qxd6+ Kxd6 36. Nxa6 Rb7 37. Nb4 Ke6 38. Bc4+ Kf6 39. h4 Rc7 40. Bb3 Rc8 41. g3 Rg8 42. Bc4 Rc8 43. Nd5+ Ke5 44. Bb3 Ke4 45. Kg2 Ke5 46. Ba2 Rd8 47. Nf4 Ke4 48. h5 Rd2 49. Bb3 Rxf2+ 50. Kh3 Ke3 51. g4 1-0

[Event "CYCC U14"]
[Site "Richmond Hill CAN"]
[Date "2011.07.08"]
[Round "7"]
[White "Tismenko, Dennis"]
[Black "Homer, Blake"]
[Result "1-0"]
[WhiteElo "1495"]
[BlackElo "1137"]
[PlyCount "75"]
[GameId "2160767909703997"]
[EventDate "2011.07.06"]
[EventType "swiss"]
[EventRounds "7"]
[EventCountry "CAN"]
[SourceTitle "EXT 2022"]
[Source "ChessBase"]
[SourceDate "2021.10.06"]
[SourceVersion "1"]
[SourceVersionDate "2021.10.06"]
[SourceQuality "1"]

1. e4 e5 2. Nf3 Nc6 3. d4 exd4 4. Bc4 Bc5 5. c3 dxc3 6. Bxf7+ Kxf7 7. Qd5+ Ke8 8. Qxc5 cxb2 9. Bxb2 d6 10. Qh5+ g6 11. Qg5 Ne5 12. Qxd8+ Kxd8 13. Nxe5 Nh6 14. Nc6+ bxc6 15. Bxh8 Rb8 16. O-O Ba6 17. Re1 Nf7 18. Bf6+ Kd7 19. Nd2 Ke6 20. Bc3 c5 21. f4 d5 22. exd5+ Kxd5 23. Nf3 h5 24. Rad1+ Kc6 25. Ne5+ Nxe5 26. fxe5 Re8 27. e6 Re7 28. Bf6 Re8 29. e7 Kb6 30. Re6+ Kb7 31. Rxa6 Kxa6 32. Rd8 Rxd8 33. exd8=Q Kb7 34. Qd5+ Kb6 35. a4 a5 36. Be7 c6 37. Qxc5+ Kb7 38. Qxa5 1-0

[Event "CYCC U14 w"]
[Site "Richmond Hill CAN"]
[Date "2011.07.06"]
[Round "3"]
[White "Sametova, Zhanna"]
[Black "Giblon, Rebecca"]
[Result "1-0"]
[WhiteElo "1647"]
[BlackElo "1583"]
[PlyCount "71"]
[GameId "2160767909704001"]
[EventDate "2011.07.06"]
[EventType "swiss"]
[EventRounds "7"]
[EventCountry "CAN"]
[SourceTitle "EXT 2022"]
[Source "ChessBase"]
[SourceDate "2021.10.06"]
[SourceVersion "1"]
[SourceVersionDate "2021.10.06"]
[SourceQuality "1"]

1. e4 e5 2. Nf3 Nc6 3. Bc4 Bc5 4. c3 Nf6 5. d4 exd4 6. cxd4 Bb4+ 7. Nc3 Nxe4 8. O-O Bxc3 9. d5 Bf6 10. Re1 O-O 11. dxc6 Nd6 12. cxd7 Bxd7 13. Bb3 Re8 14. Rxe8+ Qxe8 15. Bf4 Bxb2 16. Rb1 Ba3 17. Bxd6 Bxd6 18. Ng5 Be6 19. Qd3 g6 20. Nxe6 fxe6 21. Qh3 Kg7 22. Bxe6 Qc6 23. Qg4 Be5 24. Bc8 Rb8 25. Rd1 h5 26. Qh3 Bd6 27. g3 Qa4 28. Re1 Qxa2 29. Re8 Qa1+ 30. Kg2 Qf6 31. Qd7+ Qf7 32. Qa4 Bc5 33. Qa1+ Qf6 34. Rg8+ Kf7 35. Be6+ Qxe6 36. Qg7# 1-0

[Event "CYCC U14 w"]
[Site "Richmond Hill CAN"]
[Date "2011.07.07"]
[Round "4"]
[White "Giblon, Rebecca"]
[Black "Moore, Valee"]
[Result "1-0"]
[WhiteElo "1583"]
[BlackElo "531"]
[PlyCount "25"]
[GameId "2160767909704002"]
[EventDate "2011.07.06"]
[EventType "swiss"]
[EventRounds "7"]
[EventCountry "CAN"]
[SourceTitle "EXT 2022"]
[Source "ChessBase"]
[SourceDate "2021.10.06"]
[SourceVersion "1"]
[SourceVersionDate "2021.10.06"]
[SourceQuality "1"]

1. e4 g6 2. d4 h5 3. Nc3 Rh7 4. Nf3 Nf6 5. Bf4 Bh6 6. Qd2 Nc6 7. Bxh6 Ng8 8. Bf4 e6 9. O-O-O a5 10. d5 Na7 11. Ng5 Rh6 12. dxe6 dxe6 13. Qxd8# 1-0

[Event "CYCC U14 w"]
[Site "Richmond Hill CAN"]
[Date "2011.07.08"]
[Round "5"]
[White "Foote, Joanne"]
[Black "Giblon, Rebecca"]
[Result "0-1"]
[WhiteElo "1586"]
[BlackElo "1583"]
[PlyCount "64"]
[GameId "2160767909704003"]
[EventDate "2011.07.06"]
[EventType "swiss"]
[EventRounds "7"]
[EventCountry "CAN"]
[SourceTitle "EXT 2022"]
[Source "ChessBase"]
[SourceDate "2021.10.06"]
[SourceVersion "1"]
[SourceVersionDate "2021.10.06"]
[SourceQuality "1"]

1. e4 e5 2. Nf3 Nc6 3. Bb5 a6 4. Ba4 Nf6 5. O-O Nxe4 6. d4 b5 7. Bb3 d5 8. dxe5 Be6 9. c3 Bc5 10. Nbd2 Bg4 11. Nxe4 dxe4 12. Qxd8+ Rxd8 13. Ng5 Nxe5 14. Nxe4 Bb6 15. h3 Bc8 16. Re1 O-O 17. Bg5 Rd7 18. Rad1 Nd3 19. Re2 Bb7 20. Ng3 Bc6 21. Nh1 Kh8 22. Red2 f6 23. Bxf6 Nxf2 24. Nxf2 Rxf6 25. Rxd7 Bxd7 26. Rxd7 Rxf2 27. Rd8+ Rf8+ 28. Kh1 Rxd8 29. Be6 Rd2 30. b4 Rc2 31. Bd5 Rxc3 32. Bb7 Ra3 0-1

[Event "CYCC U16"]
[Site "Richmond Hill CAN"]
[Date "2011.07.06"]
[Round "1"]
[White "Gusev, Nikita"]
[Black "Luo, Zhao Yang"]
[Result "1-0"]
[WhiteElo "2223"]
[BlackElo "1894"]
[PlyCount "79"]
[GameId "2160767909704006"]
[EventDate "2011.07.06"]
[EventType "swiss"]
[EventRounds "7"]
[EventCountry "CAN"]
[SourceTitle "EXT 2022"]
[Source "ChessBase"]
[SourceDate "2021.10.06"]
[SourceVersion "1"]
[SourceVersionDate "2021.10.06"]
[SourceQuality "1"]

1. e4 c6 2. d4 d5 3. Nc3 dxe4 4. Nxe4 Bf5 5. Ng3 Bg6 6. Nf3 Nd7 7. h4 h6 8. h5 Bh7 9. Bd3 Bxd3 10. Qxd3 Ngf6 11. Bd2 e6 12. O-O-O Bd6 13. c4 O-O 14. Ne4 Nxe4 15. Qxe4 Nf6 16. Qe2 Qe7 17. g4 Bb4 18. g5 Bxd2+ 19. Rxd2 hxg5 20. Nxg5 Nh7 21. Ne4 f5 22. Nc5 Rf6 23. f4 Rh6 24. Nd3 Nf6 25. Rdd1 Qe8 26. Rde1 Rd8 27. Qe3 Ng4 28. Qg1 Qd7 29. d5 cxd5 30. c5 Rc8 31. Qd4 b6 32. Kb1 Qb5 33. Rc1 bxc5 34. Nxc5 Qe8 35. Nd3 a6 36. Qa7 Rxc1+ 37. Rxc1 Qb5 38. Nc5 Rxh5 39. Nxe6 Rh7 40. Rc8+ 1-0

[Event "CYCC U16"]
[Site "Richmond Hill CAN"]
[Date "2011.07.06"]
[Round "1"]
[White "Inigo, Aquino"]
[Black "Grynszpan, Alexander"]
[Result "1-0"]
[WhiteElo "2088"]
[BlackElo "1162"]
[PlyCount "77"]
[GameId "2160767909704007"]
[EventDate "2011.07.06"]
[EventType "swiss"]
[EventRounds "7"]
[EventCountry "CAN"]
[SourceTitle "EXT 2022"]
[Source "ChessBase"]
[SourceDate "2021.10.06"]
[SourceVersion "1"]
[SourceVersionDate "2021.10.06"]
[SourceQuality "1"]

1. d4 Nf6 2. c4 g6 3. Nc3 Bg7 4. e4 d6 5. f3 O-O 6. Be3 Nbd7 7. Qd2 e5 8. d5 Qe7 9. Bd3 b6 10. Nge2 Nc5 11. Bc2 a5 12. O-O Bd7 13. b3 Ne8 14. a3 f5 15. b4 Nb7 16. Ba4 f4 17. Bf2 Nf6 18. Rfb1 Rab8 19. Nc1 g5 20. Kf1 Qe8 21. Bxd7 Qxd7 22. Nd3 c6 23. Bxb6 axb4 24. Nxb4 c5 25. Nc6 Ra8 26. a4 g4 27. a5 h5 28. a6 Bh6 29. axb7 Qxb7 30. Ba5 Qg7 31. Nb5 h4 32. Nxd6 h3 33. gxh3 g3 34. Nf5 Nxe4 35. Nxg7 Nxd2+ 36. Bxd2 Bxg7 37. hxg3 fxg3 38. Rxa8 Rxa8 39. Rb8+ 1-0